000 01133nam a22002057a 4500
999 _c12993
_d12993
003 AR-CdUCM
008 190410b ||||| |||| 00| 0 esp d
040 _aMUNICIPALIDAD PROVINCIAL DEL CUSCO
_cBIBLIOTECA MUNICIPAL DEL CUSCO
082 _a974.002 /
_bA67
100 _aValle , Rafael Heliodoro
_931148
245 _aLa anexión de Centro América a México /
260 _aMéxico. D.F
_bPublicaciones de la Secretaría de Relaciones Exteriores,
_c1924-1949.
300 _at III ;
_c21cm.
505 _aCartea del Virrey de nueva España don Félix María Calleja del Rey al Capitán General de Guatemala Don José de Bustamante y Guerra, comentando los sucesos de las Provincias de El Salvador y Nicaragua -- El jefe Político Superior de la Provincia de Comayagua, don Juan Nepomuceno Fernández Lindo, se dirige al Comandante de San Miguel, Provincia de San Salvador, para que evite el avance de sus tropas, haciéndole responsable de las consecuencias.
650 _aDocumentos escritos
_931149
700 _aRafael Helidoro Valle (compilador)
_931150
942 _2ddc
_cLIBROS
945 _aacrt
_d2019-04-10